Nba nicknames (sorta Hard) - Statistics

General Stats
  • This quiz has been taken 24 times
  • The average score is 2 of 8
Answer Stats
Player/Nickname answer % Correct
Threezus/Baby face assassin Stephen curry
86%
Ray Allen Jesus Shuttlesworth
52%
Quentin Richardson Q-Rich
24%
The Teacher Adrian Dantley
0%
Jack Sikma Goldilocks
0%
Rajon Rondo Swag
0%
Andre Miller The Professor
0%
Bells Walt Bellamy
0%
No matching quizzes found
Score Distribution
Percent of People with Each Score
Percentile by Number Answered
Your Score History
You have not taken this quiz